Ṿe-lo ḥazarnu la-basis. (Record no. 32319)

MARC details
000 -LEADER
fixed length control field 00709cam a22002411 4500
001 - CONTROL NUMBER
control field he 67000757
003 - CONTROL NUMBER IDENTIFIER
control field DLC
005 - DATE AND TIME OF LATEST TRANSACTION
control field 20260227111446.0
008 - FIXED-LENGTH DATA ELEMENTS--GENERAL INFORMATION
fixed length control field 840307s1965 is 000 0 heb
010 ## - LIBRARY OF CONGRESS CONTROL NUMBER
LC control number he 67000757
035 ## - SYSTEM CONTROL NUMBER
System control number (OCoLC)19159567
040 ## - CATALOGING SOURCE
Original cataloging agency DLC
Transcribing agency MH
Modifying agency DLC
042 ## - AUTHENTICATION CODE
Authentication code premarc
050 00 - LIBRARY OF CONGRESS CALL NUMBER
Classification number DS126.4
Item number .A6
100 1# - MAIN ENTRY--PERSONAL NAME
Personal name Apelboim, Ḥayim,
Dates associated with a name 1925-1947.
245 10 - TITLE STATEMENT
Title Ṿe-lo ḥazarnu la-basis.
250 ## - EDITION STATEMENT
Edition statement Mahadurah 2.
260 ## - PUBLICATION, DISTRIBUTION, ETC.
Place of publication, distribution, etc. [Tel Aviv] :
Name of publisher, distributor, etc. ha-Ḳeren le-haḳamat ha-andarṭah, Bet Yaʼir,
Date of publication, distribution, etc. 727 [1965 or 1966]
300 ## - PHYSICAL DESCRIPTION
Extent 47 p. :
Other physical details ports. ;
Dimensions 22 cm.
610 20 - SUBJECT ADDED ENTRY--CORPORATE NAME
Corporate name or jurisdiction name as entry element Loḥame ḥerut Yiśraʼel.
651 #0 - SUBJECT ADDED ENTRY--GEOGRAPHIC NAME
Geographic name Palestine
General subdivision History
Chronological subdivision 1929-1948.
752 ## - ADDED ENTRY--HIERARCHICAL PLACE NAME
Country or larger entity Israel
City Tel Aviv

No items available.

Powered by Koha